| 000 | 00718nam a22002531 4500 | ||
|---|---|---|---|
| 001 | 654 | ||
| 003 | BD-RjUL | ||
| 005 | 20211208233220.0 | ||
| 008 | 850524s1969 stka 000 0 eng | ||
| 020 | _z900649208 : | ||
| 035 | _a(BD-RjUL)674 | ||
| 040 |
_aDLC _cDLC _dDLC _dBD-RjUL _beng |
||
| 041 | _aeng | ||
| 082 | 0 | 0 |
_a021.00941 _bSCO 1969 |
| 110 | 2 |
_aScottish Library Association. _91988 |
|
| 245 | 1 | 0 |
_aScottish libraries, 1966-1968 : _ba triennial review / _cEditor: Moira Burgess. |
| 260 |
_aGlasgow, _c1969. |
||
| 300 |
_a60 p. : _billus; _c21 cm. |
||
| 650 | 0 |
_aLibraries _zScotland. _91976 |
|
| 700 | 1 |
_aBurgess, Moira, _eed. _91977 |
|
| 942 |
_2ddc _cBK |
||
| 999 |
_c654 _d654 |
||